000 00197 a2200097 4500
001 61849
090 _c37146
_d37146
100 _aFreeman
245 _aMathematical statistcis
260 _aIbd
_bNBF IBD
_c2000
942 _aNUST-CAE
999 _c296922
_d296922